000 00215 a2200097 4500
020 _a9789353164799
100 _aSHELLEY E. TAYLOR
245 _aHEALTH PSYCHOLOGY
250 _a10TH ED
260 _bMcGRAWHILL EDUCATION
999 _c13069
_d13069